书目信息 |
| 题名: |
财务经理工作手册
|
|
| 作者: | 吴振兴 主编 | |
| 分册: | ||
| 出版信息: | 哈尔滨 哈尔滨出版社 2006.01 |
|
| 页数: | 465页 | |
| 开本: | 24cm | |
| 丛书名: | 管理之星 | |
| 单 册: | ||
| 中图分类: | F275-62 | |
| 科图分类: | ||
| 主题词: | 企业管理--财务管理--手册 | |
| 电子资源: | ||
| ISBN: | 7-80699-596-X | |
| 000 | 01130nam 22002892 4500 | |
| 001 | 192004002226 | |
| 005 | 20070913093814.03 | |
| 010 | @a7-80699-596-X@dCNY45.00 | |
| 100 | @a20070601d2006 ekmy0chiy0121 ea | |
| 101 | 0 | @achi |
| 102 | @aCN@b230000 | |
| 105 | @aack z 000yy | |
| 200 | 1 | @a财务经理工作手册@Acai wu jing li gong zuo shou ce@d= The creative handbook for finance managers@f吴振兴主编@zeng |
| 210 | @a哈尔滨@c哈尔滨出版社@d2006.01 | |
| 215 | @a465页@c图, 肖像@d24cm | |
| 225 | 2 | @a管理之星@Aguan li zhi xing@i中国经理人工作丛书 |
| 300 | @a并列题名:The creative handbook for finance managers | |
| 314 | @a吴振兴,中国人民大学经济学博士,管理学博士后。 | |
| 330 | @a本书总结了作为优秀财务经理所必须掌握的现代财务管理知识,并对它们之间的结构进行了深入浅出的分析与一针见血的探讨,并提供了相关问题的解决方法和技巧。 | |
| 410 | 0 | @12001 @a管理之星 |
| 410 | 0 | @12001 @a中国经理人工作丛书 |
| 510 | 1 | @aThe creative handbook for finance managers@zeng |
| 606 | 0 | @a企业管理@x财务管理@j手册 |
| 690 | @aF275-62@v4 | |
| 701 | 0 | @a吴振兴@Awu zhen xing@4主编 |
| 801 | 0 | @aCN@c20070913 |
| 905 | @dF275-62@eW927 | |
| 财务经理工作手册= The creative handbook for finance managers/吴振兴主编.-哈尔滨:哈尔滨出版社,2006.01 |
| 465页:图, 肖像;24cm.-(管理之星.中国经理人工作丛书) |
| 并列题名:The creative handbook for finance managers |
| ISBN 7-80699-596-X:CNY45.00 |
| 本书总结了作为优秀财务经理所必须掌握的现代财务管理知识,并对它们之间的结构进行了深入浅出的分析与一针见血的探讨,并提供了相关问题的解决方法和技巧。 |
| ● |
| 相关链接 |
|
|
|
正题名:财务经理工作手册
索取号:F275-62/W927
 
预约/预借
| 序号 | 登录号 | 条形码 | 馆藏地/架位号 | 状态 | 备注 |
| 1 | 625224 | 206252240 | 社科库409/409社科库 95排2列1层/ [索取号:F275-62/W927] | 在馆 | |
| 2 | 625225 | 206252259 | 社科库409/409社科库 95排2列1层/ [索取号:F275-62/W927] | 在馆 |